Performance of rubber clones in Dooars area of West Bengal (Record no. 52381)

MARC details
000 -LEADER
fixed length control field 00628nam a2200181Ia 4500
100 ## - MAIN ENTRY--AUTHOR NAME
Personal name Das G.
245 #0 - TITLE STATEMENT
Title Performance of rubber clones in Dooars area of West Bengal
260 ## - PUBLICATION, DISTRIBUTION, ETC. (IMPRINT)
Name of publisher In: Preprints of Papers. International Natural Rubber Conference, India 2005, 6-8 November 2005, Rubber Research Institute of India, Kottayam, Kerala, India, pp. 103-107.
Year of publication 2005
650 ## - SUBJECT ADDED ENTRY--TOPICAL TERM
Topical Term Clone evaluation
650 ## - SUBJECT ADDED ENTRY--TOPICAL TERM
Topical Term Dooars region
650 ## - SUBJECT ADDED ENTRY--TOPICAL TERM
Topical Term West Bengal
650 ## - SUBJECT ADDED ENTRY--TOPICAL TERM
Topical Term Yield performance
700 ## - ADDED ENTRY--PERSONAL NAME
Personal name Chaudhuri D.
700 ## - ADDED ENTRY--PERSONAL NAME
Personal name Satisha G.C.
700 ## - ADDED ENTRY--PERSONAL NAME
Personal name Singh R.S.
942 ## - ADDED ENTRY ELEMENTS (KOHA)
Koha item type Bibliography STAF
Holdings
Withdrawn status Lost status Damaged status Not for loan Home library Current library Date acquired Koha item type
      Bibliography RRII Library RRII Library 09/04/2014 Bibliography STAF